Các bài học về ngôn ngữ và văn minh Pháp = Cours de langue et de civilisation francaises

Wedi'i Gadw mewn:
Manylion Llyfryddiaeth
Prif Awdur: G Mauger
Fformat: Llyfr
Iaith:Undetermined
Cyhoeddwyd: Tp. HCM Nxb. Tp. HCM 1996
Pynciau:
Tagiau: Ychwanegu Tag
Dim Tagiau, Byddwch y cyntaf i dagio'r cofnod hwn!
Thư viện lưu trữ: Trung tâm Học liệu Trường Đại học Cần Thơ
LEADER 00575nam a2200181Ia 4500
001 CTU_27066
008 210402s9999 xx 000 0 und d
082 |a 448.07 
082 |b M449/T2 
100 |a G Mauger 
245 0 |a Các bài học về ngôn ngữ và văn minh Pháp 
245 0 |b = Cours de langue et de civilisation francaises 
245 0 |c G Mauger, Nguyễn Văn Tạo 
260 |a Tp. HCM 
260 |b Nxb. Tp. HCM 
260 |c 1996 
650 |a french language - study and teaching 
980 |a Trung tâm Học liệu Trường Đại học Cần Thơ